| 000 | 00639nam a2200241Ia 4500 | ||
|---|---|---|---|
| 003 | OSt | ||
| 005 | 20220918185809.0 | ||
| 006 | a|||||r|||| 00| 0 | ||
| 007 | ta | ||
| 008 | 220917b |||||||| |||| 00| 0 eng d | ||
| 024 | _a52,815 | ||
| 037 | _cTextual | ||
| 040 |
_aARTS _cARTS _beng |
||
| 041 |
_2eng _aeng |
||
| 082 | _aP13,35:3, K6 | ||
| 100 |
_aGoodwin W W _970298 |
||
| 245 | 0 | _aSyntax of the moods and tenses of the Greek Verb | |
| 260 |
_aN York _bSt Martin _c1966 |
||
| 300 |
_axxxii, 464p. _ccm. |
||
| 650 | _aLINGUISTICS | ||
| 942 |
_hP13,35:3, K6 _cTEXL _2CC |
||
| 999 |
_c182173 _d182173 |
||